Guess the Fusion Rock Song Lyrics #199 - Statistics

General Stats
  • This quiz has been taken 19 times
  • The average score is 311 of 500
Answer Stats
Answer % Correct
be
94%
a
88%
and
88%
I
88%
me
88%
The
88%
the
88%
to
88%
You
88%
you
88%
get
82%
Michael Jackson
82%
where
82%
don't
76%
Don't
76%
love
76%
Love
76%
my
76%
why
76%
got
71%
I'm
71%
in
71%
it
71%
It
71%
know
71%
like
71%
of
71%
Oh
71%
on
71%
So
71%
That
71%
with
71%
your
71%
is
65%
Just
65%
let
65%
no
65%
stop
65%
this
65%
Til
65%
til
65%
enough
59%
feel
59%
how
59%
If
59%
keep
59%
Keep
59%
make
59%
baby
53%
could
53%
feeling
53%
take
53%
we're
53%
won't
53%
at
47%
now
47%
us
47%
because
41%
Cause
41%
makes
41%
yeah
41%
through
35%
Touch
35%
was
35%
Ain't
29%
has
29%
Ah
24%
candle
24%
darling
24%
fire
24%
force
24%
Heart
24%
hot
24%
lot
24%
melting
24%
wax
24%
woo
24%
eyes
18%
Fever
18%
hours
18%
nothing
18%
play
18%
power
18%
Power
18%
alright
12%
asks
12%
body
12%
complaining
12%
desire
12%
Lovely
12%
questions
12%
Sensation
12%
sensation
12%
vow
12%
wondering
12%
ya
12%
break
6%
closer
6%
Closer
6%
despise
6%
enemy
6%
Eternal
6%
eternal
6%
happen
6%
hoo
6%
rising
6%
shines
6%
temperature's
6%
No matching quizzes found
Score Distribution
Percent of People with Each Score
Percentile by Number Answered
Your Score History
You have not taken this quiz